| 000 | 00670nam a2200241Ia 4500 | ||
|---|---|---|---|
| 003 | OSt | ||
| 005 | 20220924122110.0 | ||
| 006 | a|||||r|||| 00| 0 | ||
| 007 | ta | ||
| 008 | 220923b |||||||| |||| 00| 0 urd d | ||
| 024 | _a321474 | ||
| 037 | _cTextual | ||
| 040 |
_aARTS _cARTS _burd |
||
| 041 |
_2urd _aurd |
||
| 082 | _aQ7:25xD805, 168E8;N4.1-.2 | ||
| 100 |
_aFirozuddin Au. _9188290 |
||
| 245 | 0 | _aTajreedul Bukhari | |
| 260 |
_aLahore _bFiroz Manzil Pakistan _c1918 |
||
| 650 | _a PREACHING | ||
| 650 |
_aISLAM _9577 |
||
| 942 |
_hQ7:25xD805, 168E8;N4.1-.2 _cTEXL _2CC |
||
| 999 |
_c410235 _d410235 |
||